| 000 | 00741cam a2200229 a 4500 | ||
|---|---|---|---|
| 999 |
_c6431 _d6431 |
||
| 001 | 486 | ||
| 003 | BD-DhUAP | ||
| 005 | 20201231104956.0 | ||
| 008 | 201231s1996 bg abf b f000 0 eng | ||
| 020 | _a9840513613 | ||
| 040 |
_aBD-DhUAP _cBD-DhUAP _dBD-DhUAP _bEng |
||
| 082 |
_a954.9205 MUH _223 |
||
| 100 | _aMuhith, A. M. A. | ||
| 245 |
_aAmerican response to Bangladesh liberation war / _cA. M. A. Muhith. |
||
| 260 |
_aDhaka : _bUniversity press Ltd., _cc1996. |
||
| 300 |
_axiii, 499 pages ; _c25 cm. |
||
| 504 | _aIncludes bibliographical references and index. | ||
| 650 |
_aWar--Causes _zUnited States _zBangladesh. |
||
| 650 | _aDiplomatic relations. | ||
| 942 |
_2ddc _cBK |
||